|
|
|
|
| LEADER |
03394nam a2200517 i 4500 |
| 001 |
EBC3043373 |
| 003 |
MiAaPQ |
| 005 |
20200520144314.0 |
| 006 |
m o d | |
| 007 |
cr cnu|||||||| |
| 008 |
131018s2003 gw ob 000 0 ger|d |
| 020 |
|
|
|z 3899490444
|
| 020 |
|
|
|z 9783899490442
|
| 020 |
|
|
|a 9783110922806 (e-book)
|
| 035 |
|
|
|a (MiAaPQ)EBC3043373
|
| 035 |
|
|
|a (Au-PeEL)EBL3043373
|
| 035 |
|
|
|a (CaPaEBR)ebr10772448
|
| 035 |
|
|
|a (OCoLC)922946361
|
| 040 |
|
|
|a MiAaPQ
|b eng
|e rda
|e pn
|c MiAaPQ
|d MiAaPQ
|
| 050 |
|
4 |
|a K3165
|b .H47 2003
|
| 082 |
0 |
|
|a 565
|
| 100 |
1 |
|
|a Herdegen, Matthias.
|
| 245 |
1 |
0 |
|a Leistungsgrenzen des Verfassungsrechts /
|c Matthias Herdegen, Martin Morlok. Informalisierung und Entparlamentarisierung politischer Entscheidungen als Gefahrdungen der Verfassung? / Stefan Korioth, Armin von Bogdandy. Offentliche Gemeinwohlverantwortung im Wandel / Markus Heintzen, Andreas Vosskuhle. Beteiligung Privater an der Wahrnehmung offentlicher Aufgaben und staatliche Verantwortung / Janbernd Oebbecke, Martin Burgi. Selbstverwaltung angesichts von Europaisierung und Okonomisierung.
|
| 246 |
3 |
|
|a Leistungsgrenzen des Verfassungsrechts ; Informalisierung und Entparlamentarisierung politischer Entscheidungen als Gefahrdungen der Verfassung? ; Offentliche Gemeinwohlverantwortung im Wandel ; Beteiligung Privater an der Wahrnehmung offentlicher Aufgaben und staatliche Verantwortung ; Selbstverwaltung angesichts von Europaisierung und Okonomisierung
|
| 264 |
|
1 |
|a Berlin :
|b De Gruyter Recht,
|c 2003.
|
| 300 |
|
|
|a 1 online resource (565 pages)
|
| 336 |
|
|
|a text
|2 rdacontent
|
| 337 |
|
|
|a computer
|2 rdamedia
|
| 338 |
|
|
|a online resource
|2 rdacarrier
|
| 490 |
1 |
|
|a Veroffentlichungen der Vereinigung der Deutschen Staatsrechtslehrer ;
|v Band 62
|
| 500 |
|
|
|a "Berichte und Diskussionen auf der Tagung der Vereinigung der Deutschen Staatsrechtslehrer in St. Gallen vom 1. bis 5. Oktober 2002."
|
| 504 |
|
|
|a Includes bibliographical references.
|
| 588 |
|
|
|a Description based on online resource; title from PDF title page (ebrary, viewed October 18, 2013).
|
| 590 |
|
|
|a Electronic reproduction. Ann Arbor, MI : ProQuest, 2015. Available via World Wide Web. Access may be limited to ProQuest affiliated libraries.
|
| 650 |
|
0 |
|a Constitutional law.
|
| 655 |
|
4 |
|a Electronic books.
|
| 700 |
1 |
|
|a Morlok, Martin.
|
| 700 |
1 |
2 |
|i contains (work)
|a Korioth, Stefan.
|t Informalisierung und Entparlamentarisierung politischer Entscheidungen als Gefahrdungen der Verfassung?
|
| 700 |
1 |
2 |
|i contains (work)
|a Bogdandy, Armin von,
|d 1960-
|t Informalisierung und Entparlamentarisierung politischer Entscheidungen als Gefahrdungen der Verfassung?
|
| 700 |
1 |
2 |
|i contains (work)
|a Heintzen, Markus.
|t Offentliche Gemeinwohlverantwortung im Wandel.
|
| 700 |
1 |
2 |
|i contains (work)
|a Vosskuhle, Andreas.
|t Offentliche Gemeinwohlverantwortung im Wandel.
|
| 700 |
1 |
2 |
|i contains (work)
|a Oebbecke, Janbernd.
|t Beteiligung Privater an der Wahrnehmung offentlicher Aufgaben und staatliche Verantwortung.
|
| 700 |
1 |
2 |
|i contains (work)
|a Burgi, Martin.
|t Beteiligung Privater an der Wahrnehmung offentlicher Aufgaben und staatliche Verantwortung.
|
| 797 |
2 |
|
|a ProQuest (Firm)
|
| 830 |
|
0 |
|a Veroffentlichungen der Vereinigung der Deutschen Staatsrechtslehrer ;
|v Heft 62.
|
| 856 |
4 |
0 |
|u https://ebookcentral.proquest.com/lib/matrademy/detail.action?docID=3043373
|z Click to View
|